Statistics for Most Successful Schools in Connacht (Rugby)

Click here to take the quiz!

General Stats

  • This quiz has been taken 4 times
  • The average score is 11 of 31

Answer Stats

NSchoolCountySenior CupsSenior LeaguesJunior CupsJunior LeaguesTotal% Correct
1Garbally CollegeGalway48 (A)543399
67%
3Sligo GrammarSligo12 (A)79 (8 A, 1 B)1 (A)29
67%
15St Joseph'sMayo1 (C)0001
67%
15Abbey C.CGalway002 (C)02
33%
15Athlone C.CWestmeath002 (1 B, 1 C)02
33%
7Calasanctius CollegeGalway004 (2 A, 1 B, 1 C)15
33%
9CBS RoscommonRoscommon002 (A)13
33%
9Clifden Community SchoolGalway1 (A)01 (A)1 - shared3
33%
15Coláiste Bhaile ChlairGalway1 (C)01 (B)02
33%
9Colaiste EindeGalway2 (B)01 (B)03
33%
4Colaiste Iognaid (Jes)Galway14 (A)35 (4 A, 1 C)022
33%
15Collegians1 (A)0001
33%
9Gallen C.SOffaly1 (C)02 (B)03
33%
9Galway Grammar SchoolGalway1 (A)02 (A)03
33%
15Galway Vocational SchoolGalway001 (A)01
33%
15Gort C.SGalway001 (C)01
33%
15Jesus and MarySligo1 (C)01 (C)02
33%
5Marist CollegeWestmeath3 (A)29 (8 A, 1 B)2 - one shared16
33%
15Presentation AthenryGalway1 (C)01 (C)02
33%
15Pres HeadfordGalway1 (B)0001
33%
6Ranelagh CollegeWestmeath2 (A)04 (A)06
33%
9Rice CollegeMayo1 (B)02 (A)03
33%
15Sancta Maria CollegeMayo001 (C)01
33%
15St Gerald's CollegeMayo001 (A)01
33%
7St Jarlaths CollegeGalway2 (C)03 (1 B, 2 C)05
33%
2St Joseph's College (Bish)Galway17 (13 A, 4 B)014 (11 A, 3 C)131
33%
15St Muredach's CollegeMayo2 (B)0002
33%
15St Sarans CollegeOffaly1 (A)0001
33%
15Wilsons HospitalWestmeath1 (A)0001
33%
15Colaiste Chuimsitheach ChiaráinGalway2 (B)0002
0%
15HRC MountbellewGalway1 (B)0001
0%

Score Distribution

Percentile by Number Answered

Percent of People with Each Score

Your Score History

You have not taken this quiz